00628 2200229 4500001002100000005001700021008004100038020002200079035002400101040001200125082000800137090001800145100002900163245007000192250001100262260003300273300002000306650002000326700001900346850001200365990002100377YOGYA-0912000000009720120925141107.0 ind  a978-602-97827-4-5 0010-091200000000097 aYOPDYOG a813 aDep 813 Rul T aRULLY FERDIANSYAHd1985- aTahun-Tahun Yang HilangcRully Ferdiansyah; editor Arini Hidayati aCet. 1 aYogyakartabDiva Pressc2012 a407 hlm.c20 Cm aFiksi Indonesia aArini Hidayati aYOPDYOG aCB-D.11 2012-660